Welcome to the Holygrace Academy Library

Please use search bar below to get started

THE SECRETS OF DROON (Record no. 6086)

MARC details
000 -LEADER
fixed length control field 00620nam a22001457a 4500
020 ## - INTERNATIONAL STANDARD BOOK NUMBER
ISBN 978-0-439-67176-7
082 ## - DEWEY DECIMAL CLASSIFICATION NUMBER
Classification number 823
Item number ABB/S
100 ## - MAIN ENTRY--AUTHOR NAME
Personal name ABBOTT, TONY
245 ## - TITLE STATEMENT
Title THE SECRETS OF DROON
Remainder of title IN THE SHADOW OF GOLL
260 ## - PUBLICATION, DISTRIBUTION, ETC. (IMPRINT)
Place of publication NEW YORK
Name of publisher SCHOLASTIC
Year of publication 2016
300 ## - PHYSICAL DESCRIPTION
Number of Pages 124
520 ## - SUMMARY, ETC.
Summary, etc It's a dangerous time in Droon. A mysterious ancient sorcerer has arrived, waking the infamous Warriors of the Skorth and wreaking havoc. He seems to be an expert in the most evil, long-ago magic, and leads Eric and his friends on a treacherous journey to the Dark Lands.
650 ## - SUBJECT ADDED ENTRY--TOPICAL TERM
Topical Term ADVENTURE STORY
Geographic subdivision UNITED STATES
942 ## - ADDED ENTRY ELEMENTS (KOHA)
Koha item type Books
Holdings
Withdrawn status Lost status Collection code Home library Current library Shelving location Date acquired Source of acquisition Cost, normal purchase price Full call number Accession Number Koha item type
    Fiction Main Library Main Library SHELF 15 H-HARRY POTTER(CHARACTERISATION),WIMPY KID,DORK DIARIES 09/11/2016 purchase 110.00 823 ABB/S 09952 Books